000 00713nmm a2200253 a 4500
003 AR-BaBNM
005 20251128211816.0
008 116020sc200 ||||||||||||||000 | spa||
020 _a950-46-1557-0
040 _cAR-BaBNM
111 2 _aForo Latinoamericano de Educación
_n1
_d2005
_cBuenos Aires, Argentina
245 1 0 _aPactos y participación
_bretos de la educación actual
260 _aBuenos Aires
_bFundación Santillana
_cc2005
300 0 _a143 p.
650 4 _aPOLITICA EDUCATIVA
650 4 _aPARTICIPACION
650 4 _aEDUCACION COMPARADA
651 4 _aAmérica Latina
651 4 _aFrancia
651 4 _aEspaña
653 0 _aREFORMA EDUCATIVA
942 _cBK
998 _cme-solo cat
999 _c21215
_d21215